000 00958nam a2200301 i 4500
005 20260322212040.0
008 data
010 _a 78065928
020 _a0873581903 :
_c{dollar}8.50
020 _a9780873581905 :
_c{dollar}8.50
040 _aDLC
_cDLC
_dDLC
043 _an------
_an------
050 0 0 _aTR654
_b.S35
082 0 0 _a704.94/9
092 _a704.94 S35 1979
100 1 _aScholder, Fritz,
_d1937-
245 1 0 _aIndian kitsch :
_bthe use and misuse of Indian images /
_cFritz Scholder.
250 _a1st ed.
260 _a[Flagstaff, Ariz.] :
_bNorthland Press,
_cc1979.
300 _a[60] p. :
_bchiefly ill. (some col.) ;
_c24 cm.
600 1 0 _aScholder, Fritz,
_d1937-
650 0 _aPhotography, Artistic.
650 0 _aIndians of North America
_xPictorial works.
650 0 _aKitsch
_zUnited States.
906 _a7
_bcbc
_corignew
_d2
_eopcn
_f19
_gy-gencatlg
991 _bc-GenColl
_hTR654
_i.S35
_p0000208837A
_tCopy 1
_wBOOKS
001 data
999 _c934
_d934